Mô hình hóa ô nhiễm không khí do nguồn thải điểm gây ra và xác định độ ổn định khí quyển trong bài toán ô nhiễm không khí - Ứng dụng cho điều kiện Tỉnh Kiên Giang : Luận văn thạc sĩ Vật lý chuyên ngành Vật lý Kỹ thuật

Đề tài trình bày về tình hình ô nhiễm không khí nói chung, diễn biến khí hậu địa phương, ...giới thiệu hệ thống thông tin địa lý GIS từ định nghĩa đến dữ liệu và phương pháp Gauss.

Saved in:
Bibliographic Details
Main Author: Bùi, Quốc Cương
Format: Book
Language:Undetermined
Published: Cần Thơ Trường Đại học Cần Thơ 2010
Subjects:
Tags: Add Tag
No Tags, Be the first to tag this record!
Institutions: Trung tâm Học liệu Trường Đại học Cần Thơ
LEADER 01279nam a2200229Ia 4500
001 CTU_162214
008 210402s9999 xx 000 0 und d
082 |a 628.532 
082 |b C561 
088 |a 60440103 
100 |a Bùi, Quốc Cương 
245 0 |a Mô hình hóa ô nhiễm không khí do nguồn thải điểm gây ra và xác định độ ổn định khí quyển trong bài toán ô nhiễm không khí - Ứng dụng cho điều kiện Tỉnh Kiên Giang : 
245 0 |b Luận văn thạc sĩ Vật lý chuyên ngành Vật lý Kỹ thuật 
245 0 |c Bùi Quốc Cương ; Lê Thị Quỳnh Hà (Cán bộ hướng dẫn) 
260 |a Cần Thơ 
260 |b Trường Đại học Cần Thơ 
260 |c 2010 
520 |a Đề tài trình bày về tình hình ô nhiễm không khí nói chung, diễn biến khí hậu địa phương, ...giới thiệu hệ thống thông tin địa lý GIS từ định nghĩa đến dữ liệu và phương pháp Gauss. 
650 |a Pollution,Ô nhiễm 
650 |x Đo lường 
904 |i Trọng Hải 
980 |a Trung tâm Học liệu Trường Đại học Cần Thơ